| 000 | 00977nam a22003137i 4500 | ||
|---|---|---|---|
| 003 | EG-GICUC | ||
| 005 | 20260121101353.0 | ||
| 008 | 251127s1933 uk ||||fr|||| 00| 0 eng d | ||
| 040 |
_aEG-GiCUC _beng _cEG-GiCUC _dEG-GiCUC _erda |
||
| 041 | _aeng | ||
| 082 | 0 | 4 |
_221 _a341.22 _bM O . P |
| 092 | 0 | 4 | _221 |
| 099 | _aLaw1 11 341.22 M O . P 1933 | ||
| 100 | 1 |
_aMowat, R. B., _d1883 - 1941 _eAuthor. |
|
| 245 | 1 | 0 |
_aProblems of the nations / _cR. B. Mowat. |
| 264 | 1 |
_aArrowsmith : _bBristol, _c1933. |
|
| 300 |
_a166 pages ; _c24 cm |
||
| 336 |
_2rda content _atext |
||
| 337 |
_2rda media _aComputer |
||
| 338 |
_2rda carrier _aOnline Resource |
||
| 504 | _aIncludes bibliographical references. | ||
| 546 | _aText in English | ||
| 650 | 1 |
_aLeague of Nations _xPublic international law _2qrmak |
|
| 650 | 1 | _a Problems of the nations | |
| 651 | 1 | _2qrmak | |
| 856 | 4 | 0 | _uhttps://fll.law.cu.edu.eg/fulltext/bks/B11-06161.pdf |
| 905 |
_a75 _eYara |
||
| 942 |
_2ddc _cBK _e21 _n0 |
||
| 999 |
_c46562 _d46562 |
||